000 00745nam a22001697a 4500
999 _c63557
_d63557
003 Ge_BSU
005 20251029170534.0
008 251029s1986 ge ||||| |||| 00| 0 geo d
041 _ageo
080 _a338(479.22) ჯ-58
100 _aჯიჯეიშვილი, მ.
_926129
245 _aსაბჭოთა საქართველო სოციალისტური საზოგადოების სრულყოფის ეტაპზე (1971-1985 წ.წ.).
264 _aთბ. :
_bსაბჭ. საქართველო,
_c1986.
300 _a367 გვ. ;
_b20 სმ.
653 _aსაქართველოს სახალხო მეურნეობა
942 _2udc
_cᲬᲘᲒᲜᲘ